| 000 | 00867nam a2200217 a 4500 | ||
|---|---|---|---|
| 001 | 000366421 | ||
| 003 | AM-YeHGA | ||
| 005 | 20250618072248.0 | ||
| 008 | 041005s1895 ai 000 | arm d | ||
| 040 | _aAM-YeHGA | ||
| 041 | 0 | _aarm | |
| 100 | 1 |
_aՔալանթար, Ալեքսանդր Հայրապետի, _d1855-1913 _91611 |
|
| 245 | 1 | 0 |
_aՍասուն : _bԱշխարհագրական քարտէզով / _cԿազմ.՝ Ա. Քալանթար. |
| 260 |
_aԹիֆլիս : _bտպ. Կովկասեան գլխաւոր կառավարչապետի, _c1895. |
||
| 300 |
_a83 էջ : _b1 ծալվ. թ. քարտեզ ; _c14 սմ. |
||
| 500 | _a(Արտատպ. «Մշակ» լրագրից) | ||
| 650 | 1 | 4 |
_aՏնտեսագիտություն _zՀայաստան _94971 |
| 650 | 1 | 4 |
_aՀայաստանի քաղաքներ _95294 |
| 651 | 4 | _aՍասուն (Հայաստան) | |
| 090 | _c141470 | ||
| 999 |
_c140092 _d140092 |
||